LIBRARY & INFORMATION CENTRE, KCAET, TAVANUR

ONLINE PUBLIC ACCESS CATALOGUE (OPAC)

First aid in the factory / (Record no. 5387)

MARC details
000 -LEADER
fixed length control field 00397cam a2200169ua 4500
041 ## - LANGUAGE CODE
Language code of text/sound track or separate title eng
082 ## - DEWEY DECIMAL CLASSIFICATION NUMBER
Classification number 028.7161
Item number TAY/FI
100 ## - MAIN ENTRY--AUTHOR NAME
Personal name Taylor, Lord .
245 ## - TITLE STATEMENT
Title First aid in the factory /
260 ## - PUBLICATION, DISTRIBUTION, ETC. (IMPRINT)
Place of publication London :
Name of publisher Longman ,
Year of publication 1961.
300 ## - PHYSICAL DESCRIPTION
Number of Pages 139 ; .
942 ## - ADDED ENTRY ELEMENTS (KOHA)
Koha item type Books
Holdings
Withdrawn status Lost status Damaged status Home library Current library Date acquired Full call number Accession Number Koha item type
      KAUAET KAUAET 07/04/2012 028.7161 3958 Reference
free website counter